Investigation of changes in background radiation due to technosphere objects; Физико-технические проблемы в науке, промышленности и медицине. Российский и международный опыт подготовки кадров

Podrobná bibliografie
Parent link:Физико-технические проблемы в науке, промышленности и медицине. Российский и международный опыт подготовки кадров.— 2020.— [С. 52]
Hlavní autor: Mathias Zulu
Korporativní autor: Национальный исследовательский Томский политехнический университет Инженерная школа ядерных технологий Отделение ядерно-топливного цикла
Další autoři: Yakovlev G. A., Yakovleva V. S. Valentina Stanislavovna
Shrnutí:Заглавие с экрана
Jazyk:angličtina
Vydáno: 2020
Edice:Радиационные технологии в промышленности и медицине
Témata:
On-line přístup:http://earchive.tpu.ru/handle/11683/63754
Médium: MixedMaterials Elektronický zdroj Kapitola
KOHA link:https://koha.lib.tpu.ru/cgi-bin/koha/opac-detail.pl?biblionumber=632217

MARC

LEADER 00000naa2a2200000 4500
001 632217
005 20231101133712.0
035 |a (RuTPU)RU\TPU\conf\33918 
035 |a RU\TPU\conf\33916 
090 |a 632217 
100 |a 20201021d2020 k y0rusy50 ba 
101 0 |a eng 
102 |a RU 
105 |a y z 101zy 
135 |a drgn ---uucaa 
181 0 |a i  
182 0 |a b 
200 1 |a Investigation of changes in background radiation due to technosphere objects  |f Mathias Zulu, G. A. Yakovlev, V. S. Yakovleva 
203 |a Текст  |c электронный 
225 1 |a Радиационные технологии в промышленности и медицине 
230 |a 1 компьютерный файл (pdf; 373 Kb) 
300 |a Заглавие с экрана 
463 0 |0 (RuTPU)RU\TPU\conf\33535  |t Физико-технические проблемы в науке, промышленности и медицине. Российский и международный опыт подготовки кадров  |o сборник тезисов докладов X Международной научно-практической конференции, г. Томск, 09 – 11 сентября 2020 г.  |f Национальный исследовательский Томский политехнический университет, Инженерная школа ядерных технологий ; Российский фонд фундаментальных исследований ; ред. кол. И. В. Шаманин, В. П. Кривобоков, А. Г. Горюнов, В. А. Карелин  |v [С. 52]  |d 2020 
610 1 |a труды учёных ТПУ 
610 1 |a электронный ресурс 
610 1 |a радиационный фон 
610 1 |a техносфера 
610 1 |a радионуклиды 
610 1 |a гамма-фон 
610 1 |a городская среда 
610 1 |a детекторы 
700 0 |a Mathias Zulu 
701 1 |a Yakovlev  |b G. A. 
701 1 |a Yakovleva  |b V. S.  |c physicist  |c Associate Professor of Tomsk Polytechnic University, Candidate of physical and mathematical sciences  |f 1970-  |g Valentina Stanislavovna  |2 stltpush  |3 (RuTPU)RU\TPU\pers\31214 
712 0 2 |a Национальный исследовательский Томский политехнический университет  |b Инженерная школа ядерных технологий  |b Отделение ядерно-топливного цикла  |h 7864  |2 stltpush  |3 (RuTPU)RU\TPU\col\23554 
801 2 |a RU  |b 63413507  |c 20201126  |g RCR 
856 4 |u http://earchive.tpu.ru/handle/11683/63754 
942 |c BK